| 000 | 00631nam a22001697a 4500 | ||
|---|---|---|---|
| 005 | 20251108164343.0 | ||
| 008 | 250721s9999 xx 000 0 ara d | ||
| 082 | 1 | 4 | _a398.209669/نيج |
| 100 | 1 |
_aمنسي، عبد العليم السيد _eترجمة |
|
| 245 | 1 | 0 |
_aنيجيريا : _bثقافتها و قصصها الشعبية : دراسة تحليلية في العادات و التقاليد و الثقافة / |
| 264 | 1 |
_aالقاهرة : _bمكتبة النهضة المصرية، _c[19-]. |
|
| 300 | _a179ص | ||
| 650 | 1 | 7 | _aالأدب الشعبي |
| 650 | 1 | 7 | _aنيجيريا |
| 942 |
_2ddc _cBK |
||
| 999 |
_c10091 _d10091 |
||